| 000 | 00898nam a22002537a 4500 | ||
|---|---|---|---|
| 999 |
_c17915 _d17915 |
||
| 003 | AR-CdUCM | ||
| 008 | 190510b ||||| |||| 00| 0 spa d | ||
| 040 |
_aMUNICIPALIDAD PROVINCIAL DEL CUSCO _cBIBLIOTECA MUNICIPAL DEL CUSCO |
||
| 082 |
_a719 / _bG94 |
||
| 110 |
_aProyecto Pro-Manu _922465 |
||
| 245 | _aGuía de orquídeas del Manu / | ||
| 260 |
_aPerú : _bTypo graphics, _c2004. |
||
| 300 |
_a122 paginas ; _bIlustraciones, _c21 cm. |
||
| 500 | _aTexto bilingue | ||
| 505 | _aContenido :En las tierras del manu -- Orquídeas -- Ilustraciones -- Detalles florales -- Nueva especie... | ||
| 650 |
_aManu _922466 |
||
| 650 |
_aReserva natural _938159 |
||
| 650 |
_aFlora y fauna _97216 |
||
| 700 |
_aGerhart Nathaniel ( Traducción) _938160 |
||
| 700 |
_aStevenson, Andrew (Traducción) _938161 |
||
| 710 |
_aProyecto Pro-Manu _922465 |
||
| 942 |
_2ddc _cLIBROS |
||
| 945 |
_awnts _d2019-05-10 |
||